000 00526nam a2200205Ia 4500
005 20260429112218.0
008 260429s9999||||xx |||||||||||||| ||und||
020 _a9789349281011
041 _aEnglish
082 _a370.113
_bRAT
100 _aRathi, Monika
245 0 _aEmployability skills /
_cMonika Rathi
250 _a1st ed.
260 _aJaipur :
_bYking Book,
_c2025.
300 _avi, 276 p.; hb
650 _a Employability skills
650 _a Vocational education
650 _aEducation
942 _cTB
999 _c52921
_d52921